000 00366nam a2200169Ia 4500
003 0100
008 130303s9999 xx 000 0 und d
040 _cARRUPELIB
050 _aR724.D441975
100 _aDedek, John F
245 _aContemporary Medical Ethics
260 _aNY
260 _bSheed Ward Inc
260 _C1975
300 _a236p
942 0 0 _08
999 _c29379
_d29379